Методическое руководство районуполномоченным Комзаг СНК СССР для заочной проработки курса "Зерноведение" по учебнику профессора Н.С. Суворова (Запись № 7283055)

Подробности
000 -МАРКЕР
контрольное поле 01679nam1a22002531i 4500
001 - ИДЕНТИФИКАТОР ЗАПИСИ
контрольное поле rc\3022681
005 - ИДЕНТИФИКАТОР ВЕРСИИ
контрольное поле 20240726021432.0
035 ## - ДРУГИЕ СИСТЕМНЫЕ НОМЕРА
Идентификатор записи (NLR Aleph) 007164529
100 ## - ДАННЫЕ ОБЩЕЙ ОБРАБОТКИ
Данные общей обработки 20110928d1935 |||y0rusy50 ca
101 0# - ЯЗЫК РЕСУРСА
Язык текста, звукозаписи и т.д. русский
102 ## - СТРАНА ПУБЛИКАЦИИ ИЛИ ПРОИЗВОДСТВА
Страна публикации Российская Федерация
105 ## - ПОЛЕ КОДИРОВАННЫХ ДАННЫХ: ТЕКСТОВЫЕ МАТЕРИАЛЫ, МОНОГРАФИЧЕСКИЕ
Кодированные данные о монографическом текстовом документе y j |||||
200 1# - ЗАГЛАВИЕ И СВЕДЕНИЯ ОБ ОТВЕТСТВЕННОСТИ
Основное заглавие Методическое руководство районуполномоченным Комзаг СНК СССР для заочной проработки курса "Зерноведение" по учебнику профессора Н.С. Суворова
Сведения, относящиеся к заглавию Ч. 1-
Первые сведения об ответственности Ком. по заготовкам с.-х. продуктов при СНК СССР. Упр. кадров
210 ## - ПУБЛИКАЦИЯ, РАСПРОСТРАНЕНИЕ И ДР.
Место издания, распространения и т.д. Москва
Имя издателя, распространителя и т. д. Б. и.
Дата издания, распространения и т.д. 1935
Имя изготовителя тип. изд-ва "Крестьян. газ."
215 ## - ФИЗИЧЕСКАЯ ХАРАКТЕРИСТИКА
Размеры 21×15 см
300 ## - ОБЩИЕ ПРИМЕЧАНИЯ
Текст примечания На обл. загл.: "Методическое руководство для заочной проработки курса "Зерноведение" профессора Н.С. Суворова"
422 #0 - ИЗДАНИЕ, К КОТОРОМУ ОТНОСИТСЯ ПРИЛОЖЕНИЕ
Встроенное поле 2001#$aЗерноведение
-- 700#1$aСуворов$bН. С.$gНиколай Сергеевич$4070
Заглавие Зерноведение
Автор Суворов, Николай Сергеевич
512 00 - ЗАГЛАВИЕ ОБЛОЖКИ
Заглавие обложки Методическое руководство для заочной проработки курса "Зерноведение" профессора Н.С. Суворова
712 01 - НАИМЕНОВАНИЕ ОРГАНИЗАЦИИ - ВТОРИЧНАЯ ОТВЕТСТВЕННОСТЬ
Начальный элемент ввода СССР
Структурное подразделение Комитет по заготовкам сельскохозяйственных продуктов
-- Управление кадров
Код отношения Прочие
801 #0 - ИСТОЧНИК ЗАПИСИ
Страна Российская Федерация
Организация NLR
Правила каталогизации psbo
801 #1 - ИСТОЧНИК ЗАПИСИ
Страна Российская Федерация
Организация ELAR
Источник данных rusmarc
852 ## - МЕСТОНАХОЖДЕНИЕ И ШИФР ХРАНЕНИЯ
Идентификатор организации NLR
Шифр хранения (Call Number) 35-17/142(1)
942 ## - ДОПОЛНИТЕЛЬНЫЕ ЭЛЕМЕНТЫ ЗАПИСИ (АБИС)
Тип экземпляра АБИС Книга

Нет доступных экземпляров.